| 000 | 00796nam a2200241 a 4500 | ||
|---|---|---|---|
| 001 | BRL_965 | ||
| 005 | 20190320210955.0 | ||
| 008 | 291013s1956----mx-a######---#000-m#spa-# | ||
| 041 | _aspa | ||
| 044 | _amx | ||
| 050 | 4 |
_aPM3991.Z77 _b.D67 1956 |
|
| 245 | 1 | 0 |
_aDos cuentos Mazatecos _cversión castellana de Carlo Antonio Castro G. ; ilustrado por Carlos Jurado Delmar. |
| 260 |
_aCiudad de las Casas, Chiapas _bEdiciones ´Cuscatlania´ _c1956 |
||
| 300 |
_a[12] p. _bil. _c28 cm. |
||
| 500 | _aAu2366 | ||
| 505 | 0 | _aContenido: Orto de Sol y Luna, Profeta del Sol. | |
| 650 | 1 | 4 |
_aLiteratura mazateca _925461 |
| 650 | 1 | 4 |
_aCuentos mazatecos _xtextos _925462 |
| 700 | 1 |
_aCastro G., Carlo Antonio _etr. _925463 |
|
| 700 | 1 |
_aJurado Delmar, Carlos _eil. _925464 |
|
| 902 | _aGRL | ||
| 942 |
_2lcc _cB |
||
| 999 |
_c9777 _d9777 |
||